Statistics for Vocabulary - Tile Select

Click here to take the quiz!

General Stats

  • This quiz has been taken 11,187 times
  • The average score is 48 of 60

Answer Stats

QuestionTileSelect% Correct
Words sometimes used to refer to a colorPortlyNo
97%
Words that describe something good or positiveRamshackleNo
97%
Words that describe something good or positiveRepugnantNo
97%
Things you wearBismuthNo
96%
Things you wearElegyNo
96%
Words sometimes used to refer to a colorFulsomeNo
96%
Words that describe something good or positivePaltryNo
96%
Things you wearRubricNo
96%
Words that refer to a physical objectSabbaticalNo
96%
Words that describe something good or positiveAbominableNo
95%
Things you wearBassoonNo
94%
Words that refer to a physical objectOccultNo
94%
Words that describe something good or positiveCravenNo
93%
Things you wearTiaraYes
93%
Words that refer to a physical objectHalalNo
92%
Words that describe something good or positiveIgnobleNo
92%
Words that describe something good or positiveJubilantYes
92%
Things you eatMarrakeshNo
92%
Words sometimes used to refer to a colorSemaphoreNo
92%
Things you wearTunicYes
92%
Words sometimes used to refer to a colorAsinineNo
91%
Words that refer to a physical objectJeremiadNo
90%
Words sometimes used to refer to a colorMangyNo
90%
Words that describe something good or positiveGroovyYes
89%
Things you wearCuneiformNo
88%
Words that refer to a physical objectObeliskYes
88%
Things you wearPeccadilloNo
88%
Things you eatRoccocoNo
88%
Things you eatSamovarNo
88%
Words sometimes used to refer to a colorSepiaYes
88%
Words that refer to a physical objectAnimusNo
86%
Words that refer to a physical objectMonikerNo
85%
Words sometimes used to refer to a colorOchreYes
85%
Words that describe something good or positiveSublimeYes
85%
Words that refer to a physical objectChaliceYes
84%
Things you eatPachinkoNo
83%
Words sometimes used to refer to a colorCeruleanYes
77%
Things you eatCompoteYes
77%
Things you wearCravatYes
76%
Words sometimes used to refer to a colorChartreuseYes
75%
Words that refer to a physical objectCarabinerYes
74%
Things you eatCarpaccioYes
74%
Things you eatWushuNo
74%
Words that describe something good or positiveFelicitousYes
73%
Things you eatForchetteNo
72%
Words that describe something good or positiveCongenialYes
70%
Things you wearCummerbundYes
69%
Things you eatRagoutYes
68%
Things you eatVindalooYes
65%
Things you wearJodhpursYes
62%
Words sometimes used to refer to a colorPaisleyNo
61%
Words that refer to a physical objectBierYes
54%
Words sometimes used to refer to a colorHeatherYes
53%
Things you eatChèvreYes
50%
Words that refer to a physical objectAigletYes
49%
Words that describe something good or positiveHalcyonYes
49%
Things you wearDashikiYes
41%
Things you eatRomanescoYes
41%
Words sometimes used to refer to a colorFlaxenYes
39%
Words that refer to a physical objectAdzeYes
37%

Score Distribution

Percentile by Number Answered

Percent of People with Each Score

Your Score History

You have not taken this quiz